Unit operations of sanitary engineering (Record no. 24058)

000 -LEADER
fixed length control field 00505nam a22001931a 4500
001 - CONTROL NUMBER
control field 24058
003 - CONTROL NUMBER IDENTIFIER
control field BD-DhUET
008 - FIXED-LENGTH DATA ELEMENTS--GENERAL INFORMATION
fixed length control field 750916s1961 nyua b 001 0 eng
040 ## - CATALOGING SOURCE
Original cataloging agency DLC
Transcribing agency FMU
Modifying agency BD-DhUET
082 ## - DEWEY DECIMAL CLASSIFICATION NUMBER
Classification number 628
Item number RIC/1961
100 ## - MAIN ENTRY--PERSONAL NAME
Personal name Rich, Linvil G.
245 10 - TITLE STATEMENT
Title Unit operations of sanitary engineering
250 ## - EDITION STATEMENT
Edition statement 1st ed.
260 ## - PUBLICATION, DISTRIBUTION, ETC. (IMPRINT)
Place of publication, distribution, etc. New York
Name of publisher, distributor, etc. John Wiley
Date of publication, distribution, etc. 1961
300 ## - PHYSICAL DESCRIPTION
Extent xi, 308 p.
Other physical details ill.
Dimensions 24 cm.
504 ## - BIBLIOGRAPHY, ETC. NOTE
Bibliography, etc Includes bibliographies
650 #0 - SUBJECT ADDED ENTRY--TOPICAL TERM
Topical term or geographic name as entry element Sanitary Engineering
942 ## - ADDED ENTRY ELEMENTS (KOHA)
Koha item type General Book
Holdings
Shelving location Koha item type Koha date last seen Source of classification or shelving scheme Damaged status Not for loan Koha full call number Withdrawn status Sublocation or collection (holding branch) Koha normalized classification for sorting Lost status Location (home branch) Date acquired Piece designation (barcode) Price effective from Copy number
Circulation sectionGeneral Book2015-05-06   628/RIC/1961 Central Library, BUET628_000000000000000_RIC_1961 Central Library, BUET2015-05-06250232015-05-061
Circulation sectionGeneral Book2015-05-07   628/RIC/1961 Central Library, BUET628_000000000000000_RIC_1961 Central Library, BUET2015-05-07119592015-05-072
Circulation sectionGeneral Book2015-05-09   628/RIC/1961 Central Library, BUET628_000000000000000_RIC_1961 Central Library, BUET2015-05-09201212015-05-093
Circulation sectionGeneral Book2015-05-09   628/RIC/1961 Central Library, BUET628_000000000000000_RIC_1961 Central Library, BUET2015-05-09147032015-05-094
Circulation sectionGeneral Book2015-05-09   628/RIC/1961 Central Library, BUET628_000000000000000_RIC_1961 Central Library, BUET2015-05-09250242015-05-095
Circulation sectionGeneral Book2015-05-09   628/RIC/1961 Central Library, BUET628_000000000000000_RIC_1961 Central Library, BUET2015-05-09201202015-05-096